000 00610nam a2200241 a 4500
001 0001-1260
003 ELIB.Books
008 150618 2010 eng
020 _a093158079X
035 _a(ELIB.Books)0001-1415
092 _a248
_bMcW
100 _aMcWilliams, Peter.
245 _aDo It!
_bLet's Get Off Our Buts
260 _aCalifornia
_bSanta Monia Boulevard
_c1994
300 _a509
_c17.5 Cm
500 _aLibrary
650 _aChristian Life
856 _nKBTS: Library
_uKBTS: Elib
942 _2ddc
_cBK
990 _a1
998 _cbat
_e2015-06-18
999 _c11260
_d11260